000
00294nam a22001217a 4500
008
170623b xxu||||| |||| 00| 0 eng d
041
_a
eng
080
_2
2ND
_a
32
100
_a
21
101
_a
SHP
245
_a
POLITICAL OPINION AND BEHAVIOR: ESSAYS AND STUDIES
_c
DREYER,E.C
942
_2
udc
_c
BK
999
_c
18999
_d
18999